00307nam a2200097Ia 4500008004100000020001400041100003200055245006900087260003400156300001900190180305s9999 xx 000 0 und d a765703610 aRubovits-Seitz, Philip F.D. cPhilip F.D. Rubovits-SeitzaA Primer of Clinical Interpretation/ aUSAbJason Aronson Inc.c2002 avii, 221 Pages